000 00339nam a2200157Ia 4500
003 OSt
005 20240203164940.0
008 170524s9999 xx 000 0 und d
020 _a978-0831717575
040 _cIIMT
100 _aMehta Mira
245 0 _aHow to use to Yoga
260 _bHermes House
260 _c1999
942 _2ddc
_c02
999 _c6411
_d6411